Pohlaví písma
| Main Author: | |
|---|---|
| Format: | Book |
| Language: | Undetermined |
| PhysicalDescription: | 32 s. |
| Published: |
Praha
Orbis
1941
|
MARC
| LEADER | 00000nam a2200000 a 4500 | ||
|---|---|---|---|
| 001 | vtls001334009 | ||
| 003 | SK-MaSNL | ||
| 005 | 20260301200508.0 | ||
| 008 | 240314s1941 xx 0 und | ||
| 035 | |a SNK000286941 | ||
| 040 | |a SNK |b slo |c SNK |e AACR2 | ||
| 100 | 1 | |a Příhoda, Václav |4 aut |9 285972 | |
| 245 | 1 | 0 | |a Pohlaví písma |
| 260 | |a Praha |b Orbis |c 1941 | ||
| 300 | |a 32 s. | ||
| 999 | |c 890739 |d 892669 | ||
| 952 | |t P60, <04>, [BOOK], {604} |a SNK |b SNK |y VYP |7 0 |p 17A0143238 |o snkIC 44887 |0 0 |1 0 |4 0 |d 1998-06-11 |l 0 |r 2005-01-02 00:00:00 |w 2026-02-24 | ||


